Normal view
MARC view
- Kashyaap.A.
Entry Personal Name
001 - CONTROL NUMBER
- control field: 5160
003 - CONTROL NUMBER IDENTIFIER
- control field: OSt
005 - DATE AND TIME OF LATEST TRANSACTION
- control field: 20180120080802.0
008 - FIXED-LENGTH DATA ELEMENTS
- fixed length control field: 180120|| aca||aabn | a|a d
040 ## - CATALOGING SOURCE
- Original cataloging agency: OSt
- Transcribing agency: OSt
100 ## - HEADING--PERSONAL NAME
- Personal name: Kashyaap.A.
670 ## - SOURCE DATA FOUND
- Source citation: Work cat.: (OSt): Kashyaap.A., Environmental Studies, 2007